Intimidad y extimidad en las redes sociales : las demarcaciones éticas de Facebook (Record no. 169132)
[ view plain ]
| 000 -CABECERA | |
|---|---|
| campo de control de longitud fija | 00809nab a2200241 a 4500 |
| 005 - FECHA Y HORA DE LA ÚLTIMA TRANSACCIÓN | |
| campo de control | 20210219162049.0 |
| 008 - ELEMENTOS DE LONGITUD FIJA--INFORMACIÓN GENERAL | |
| campo de control de longitud fija | 991125s1985 mx 000 0 spa u |
| 035 ## - NÚMERO DE CONTROL DEL SISTEMA | |
| Número de control de sistema | UPN01000197031 |
| 100 1# - ASIENTO PRINCIPAL--NOMBRE PERSONAL | |
| Nombre de persona | Tello Díaz, Lucía |
| 100 1# - ASIENTO PRINCIPAL--NOMBRE PERSONAL | |
| Filiación | lucytell959@hotmail.com |
| 222 ## - TÍTULO CLAVE | |
| Título clave | COMUNICAR : |
| Información calificativa | REVISTA CIENTIFICA IBEROAMERICANA DE COMUNICACION Y EDUCACION |
| 245 ## - MENCIÓN DE TÍTULO | |
| Título | Intimidad y extimidad en las redes sociales : las demarcaciones éticas de Facebook |
| 260 ## - PUBLICACIÓN, DISTRIBUCIÓN, ETC. | |
| Lugar de publicación, distribución, etc. | Huelva, España |
| 300 ## - DESCRIPCIÓN FÍSICA | |
| Extensión | 205-213 |
| 362 0# - FECHAS DE PUBLICACIÓN Y/O DESIGNACIÓN SECUENCIAL | |
| Fecha de publicación y/o designación secuencial | 2013 2a época, vol. 21, no. 41, oct. |
| 653 0# - TERMINO DE INDIZACION - NO CONTROLADO | |
| Término no controlado | |
| 653 0# - TERMINO DE INDIZACION - NO CONTROLADO | |
| Término no controlado | REDES SOCIALES |
| 653 0# - TERMINO DE INDIZACION - NO CONTROLADO | |
| Término no controlado | INTIMIDAD |
| 653 0# - TERMINO DE INDIZACION - NO CONTROLADO | |
| Término no controlado | EXTIMIDAD |
| 653 0# - TERMINO DE INDIZACION - NO CONTROLADO | |
| Término no controlado | ETICA |
| 856 1# - LOCALIZACIÓN Y ACCESO ELECTRÓNICOS | |
| Identificador Uniforme del Recurso | <a href="http://www.revistacomunicar.com/index.php?contenido=detalles&numero=41&articulo=41-2013-20">http://www.revistacomunicar.com/index.php?contenido=detalles&numero=41&articulo=41-2013-20</a> |
| 905 ## - TIPO DE MATERIAL | |
| Tipo de material | Articulo |
No items available.
